Deutsche Literatur - Autor zu Buch - Statistiken

Allgemein
  • Dieses Quiz wurde 4.408 mal gespielt
    3.736 seit der letzten Aktualisierung
  • Das Durchschnittsergebnis liegt bei 11 aus 30
Antwortstatistiken
Werk Autor % Korrekt
Faust Johann Wolfgang von Goethe
92%
Die Verwandlung Franz Kafka
68%
Nathan der Weise Gotthold Ephraim Lessing
68%
Wilhelm Tell Friedrich Schiller
65%
Buddenbrooks - Verfall einer Familie Thomas Mann
59%
Die unendliche Geschichte Michael Ende
57%
Die Blechtrommel Günter Grass
51%
Die Physiker Friedrich Dürrenmatt
50%
Kritik der reinen Vernunft Immanuel Kant
48%
Die Dreigroschenoper Bertolt Brecht
47%
Effi Briest Theodor Fontane
45%
Also sprach Zarathustra Friedrich Nietzsche
44%
Homo Faber Max Frisch
43%
Im Westen nichts Neues Erich Maria Remarque
37%
Woyzeck Georg Büchner
37%
Der Zerbrochene Krug Heinrich von Kleist
35%
Schachnovelle Stefan Zweig
35%
Der Schimmelreiter Theodor Storm
32%
Die verlorene Ehre der Katharina Blum Heinrich Böll
26%
Das Glasperlenspiel Hermann Hesse
22%
Berlin Alexanderplatz Alfred Döblin
19%
Der Mann ohne Eigenschaften Robert Musil
18%
Bahnwärter Thiel Gerhart Hauptmann
16%
Kleider machen Leute Gottfried Keller
15%
Jedermann Hugo von Hofmannsthal
10%
Das kalte Herz Wilhelm Hauff
10%
Reigen Arthur Schnitzler
9%
Sansibar oder der letzte Grund Alfred Andersch
8%
Peter Schlemils wundersame Geschichte Adelbert von Chamisso
7%
Das Feuerschiff Siegfried Lenz
6%
Keine übereinstimmenden Quizze gefunden
Verteilung der Resultate
Anzahl Personen mit jedem Resultat
Perzentil nach korrekt beantworteten Fragen
Ihre Resultats-Entwicklung
Sie haben dieses Quiz seit der letzten Aktualisierung nicht gespielt